| Registos Bibliográficos associados ao registo de autoridade |
|
Etiqueta de registo: 01228cam 02200289 04500 001 696659 003 http://id.bnportugal.gov.pt/bib/catbnp/696659 005 19990107000000.0 095 ## $aPTBN00910295 100 ## $a19970701d1750 km y0pory0103 ba 101 0# $apor 102 ## $aPT 105 ## $ay z 000yy 106 ## $ar 200 1# $a [ Notícias sobre a morte do Rei Dom João V, descrevendo a sua enfermidade, morte
e cerimónias que se lhe seguiram] 210 #9 $a[Lisboa]$cna oficina de Luiz José Correa Lemos,$d[1750] 215 ## $a[7] f.$d4º (21 cm) 300 ## $aSeleta de fragmentos da Gazeta de Lisboa: n.º 32, Agosto de 1750, p. 629-632 ; Supl.
ao n.º 32, Agosto de 1750, p. 637-[640] ; n.º 37, Setembro de 1750, p. 727-732 620 ## $dLisboa 702 #1 $aLemos,$bLuís José Correia,$ffl. 174-$4610$386267 801 #0 $aPT$bBN$gRPC 856 40 $uhttps://purl.pt/34307 856 41 $uhttps://purl.pt/34307/service/media/cover/low 856 49 $uhttps://purl.pt/34307/service/media/pdf$qapplication/pdf 958 ## $aBND$bLivre$cDigitalizado$d1$ehttps://purl.pt/34307/service/media/cover/max 966 ## $lBN$mFGMON$sH.G. 4747//16 P. 995 ## $aFESTAS $zBND$d20190503$idfontes
Etiqueta de registo: 01693cam 2200385 450 001 816615 003 http://id.bnportugal.gov.pt/bib/catbnp/816615 005 19990125000000.0 095 ## $aPTBN00467575 100 ## $a19930629d1743 k y0pory0103 ba 101 0# $apor 102 ## $aPT 105 ## $ay z 000gy 106 ## $ar 200 1# $aSentimento inconsolavel, saudade penosa, e contentamento plausivel, que experimentou
o povo Portuguez na molestia, na ausencia, e na melhoria da Augusta Magestade DelRey
D. João V ...$fpor Lourenço de Anveres Pacheco...$gdado á luz pelo Beneficiado Jozé Carlos de Betancurt Berenguer 210 #9 $aLisboa$cna Officina de Luiz Jozé Correa Lemos,$d1743 215 ## $a[8], 63 p.$d4º (20 cm) 321 1# $aBarbosa Machado 3, 24 518 1# $aSentimento inconsolável, saudade penosa, e contentamento plausivel, que experimentou
o povo português 620 ## $dLisboa 700 #1 $aPacheco,$bLourenço de Anvers,$ffl. 1743$3113207 702 #1 $aBerenguer,$bJosé Carlos de Betancurt,$ffl. 1743$4340$3113208 702 #1 $aLemos,$bLuís José Correia,$ffl. 174-$4610$386267 801 #0 $aPT$bBN$gRPC 856 40 $uhttps://purl.pt/28795 856 41 $uhttps://purl.pt/28795/service/media/cover/low 856 49 $uhttps://purl.pt/28795/service/media/pdf$qapplication/pdf 958 ## $aBND$bLivre$cDigitalizado$d1$ehttps://purl.pt/28795/service/media/cover/max 966 ## $lBN$mFGMON$sH.G. 6809//7 V. $x0 966 ## $lBN$mFGMON$sL. 1307//6 A. $x0 966 ## $lBN$mFGMON$sL. 1954//5 V. 966 ## $lBN$mFGMON$sL. 6269//2 V. 966 ## $lBN$mMICROF$sF. 5606 966 ## $lBN$mRESIMP$sRES. 5948 P.$x2 995 ## $aPATRIMONIA4 $zBND$d20160921$idfontes
Etiqueta de registo: 00706cam 2200205 450 001 1076414 003 http://id.bnportugal.gov.pt/bib/catbnp/1076414 005 20020213000000.0 100 ## $a20020213d1749 km y0pory0103 ba 101 1# $apor$clat 102 ## $aPT 105 ## $ay z 000yy 106 ## $ar 200 1# $aBulla de indicaçam do Anno Santo, promulgada, e mandada a todos os fiéis christãos
do universo$fpelo Santissimo Padre Benedicto XIV... 210 #9 $aLisboa$cna Oficina de Luiz José Correa Lemos,$d1749 215 ## $a12 p.$d4º (20 cm) 307 ## $aAssin.: A//6 316 ## $aExemplar com marcas de acção de insectos afectando o texto$5PTBN: R. 15222//21 P. 518 1# $aBula de indicação do ano santo, promulgada e mandada a todos os fiéis cristãos do
universo 620 ## $dLisboa 702 #1 $aLemos,$bLuís José Correia,$ffl. 174-$4610$386267 710 02 $aIgreja Católica.$bPapa,$c1740-1758 (Bento XIV)$3127279 801 #0 $aPT$bBN$gRPC 966 ## $lBN$mFGMON$nObra do Séc. XVIII com folhas muito danificadas$sR. 5868//2 A. $x0 966 ## $lBN$mFGMON$sR. 15222//21 P. 997 ## $aBIBEOD
Etiqueta de registo: 01448nam 22003011i 450 001 1256480 003 http://id.bnportugal.gov.pt/bib/catbnp/1256480 100 ## $a20020606d1742 m y0pory010305 ba 101 0# $apor 102 ## $aPT 105 ## $ay z 000yy 106 ## $ar 200 1# $aCulto obzequiozo que nas aras dos illustrissimos excellentissimos Senhores D. Jaime
de Mello I. do nome, duque de Cadaval II... e a Princeza de Lambesc a Senhora Henriqueta
Julia Gabriella de Lorena no felice nascimento de seu filho primogenito... D. Nuno
Caetano Alvares Pereira de Mello...$foffrece o Doutor Hieronymo Tavares Mascarenhas de Tavora 210 #9 $aLisboa$cna officina de Luiz Jozé Correa Lemos,$d1742 215 ## $a20 p.$d4º (22 cm) 307 ## $aIniciais e frisos xilogr. 518 1# $aCulto obsequioso que nas aras dos ilustríssimos excelentíssimos Senhores Dom Jaime
de Melo... 620 ## $dLisboa 700 #1 $aTávora,$bJerónimo Tavares Mascarenhas de,$fca. 1709-17--$31101017 702 #1 $aLemos,$bLuís José Correia,$ffl. 174-$4610$386267 801 #0 $aPT$bBN 801 #1 $aFR$bJOUVE 856 40 $uhttps://purl.pt/36258 856 41 $uhttps://purl.pt/36258/service/media/cover/low 856 49 $uhttps://purl.pt/36258/service/media/pdf$qapplication/pdf 958 ## $aBND$bLivre$cDigitalizado$d1$ehttps://purl.pt/36258/service/media/cover/max 966 ## $lBN$mFGMON$sL. 1389//4 A. $x0 995 ## $aFESTAS $zBND$d20200331$idfontes
Etiqueta de registo: 01560cam 2200361 450 001 485056 003 http://id.bnportugal.gov.pt/bib/catbnp/485056 005 20000202113500.0 095 ## $aPTBN00687842 100 ## $a19950130d1742 km y0pory0103 ba 101 0# $apor 102 ## $aPT 105 ## $ay z 000yy 106 ## $ar 200 1# $aNoticia da viagem, que fez segunda vez ao Estado da India o ilustrissimo, e excelentissimo
Senhor Marquez do Louriçal, e primeiros progressos do seu Governo$fpor J. F. M. M. 210 #9 $aLisboa$cna officina de Luiz Jozé Correa Lemos,$d1742 215 ## $a24 p.$d4º (19 cm) 307 ## $aAssin.: A//12 321 1# $aInocêncio 4, 350 518 1# $aNotícia da viagem que fez segunda vez ao Estado da Índia o ilustríssimo e excelentíssimo
Senhor Marquês do Louriçal, e primeiros progressos do seu Governo 620 ## $dLisboa 700 #1 $aMascarenhas,$bJosé Freire de Monterroio,$f1670-1760$381141 702 #1 $aLemos,$bLuís José Correia,$ffl. 174-$4610$386267 801 #0 $aPT$bBN$gRPC 856 40 $uhttps://purl.pt/35823 856 41 $uhttps://purl.pt/35823/service/media/cover/low 856 49 $uhttps://purl.pt/35823/service/media/pdf$qapplication/pdf 958 ## $aBND$bLivre$cDigitalizado$d1$ehttps://purl.pt/35823/service/media/cover/max 966 ## $lBN$mFGMON$sH.G. 6861//6 V. $x0 966 ## $lBN$mFGMON$sH.G. 8668//3 P. 966 ## $lBN$mFGMON$sH.G. 23766//19 P. 966 ## $lBN$mMICROF$nMicrofilme$sF. 7179 995 ## $aFESTAS $zBND$d20200421$idfontes
Etiqueta de registo: 00230nam 2200025 450 001 1294346 003 http://id.bnportugal.gov.pt/bib/catbnp/1294346 100 ## $a20041227d1751 k y0pory01030103ba 101 0# $apor 102 ## $aPT 105 ## $ay z 000yy 106 ## $ar 200 1# $aSuplemento à Gazeta de Lisboa 210 #9 $a[Lisboa] $cLuis José Correa Lemos,$d1751 215 ## $a513 - 1032 p.$d4º (20 cm) 303 ## $aDescrição baseada em: nº 26 (1 Jul. 1751) 316 ## $aEncadernação em pele, sobre pastas de cartão, com ferros gravados a ouro na lombada
dilacerada$5PTBN: RES. 4401 V. 316 ## $aPert.: "JOÃO RIBEIRO CÉSAR" (carimbo)$5PTBN: RES. 4401 V. 316 ## $aExemplar truncado$5PTBN: RES. 4401 V. 317 ## $aPert.: "AGOST. DESCALÇ. DO MONT. OLIVET." (carimbo)$5PTBN: RES. 4401 V. 321 1# $aInocêncio 3 140 620 ## $dLisboa 702 #1 $aLemos,$bLuís José Correia,$ffl. 174-$4610$386267 702 #1 $aCésar,$bJoão Ribeiro$4390$31187760 712 02 $aOrdem dos Eremitas de Santo Agostinho Descalços.$bNossa Senhora da Conceição do Monte Olivete$c(Lisboa)$4390$3494375 966 ## $lBN$mRESIMP$nNº 26 (1 de Julho de 1751) - nº 52 (28 de Dezembro de 1751)$sRES. 4401 V.$x3
Etiqueta de registo: 00787cam 22002171 450 001 989137 003 http://id.bnportugal.gov.pt/bib/catbnp/989137 005 20001115165500.0 095 ## $aPTBN01001381 100 ## $a19980702d1743 k y0pory0103 ba 101 1# $apor$cger 102 ## $aPT 106 ## $ar 200 1# $aContinuaçam dos progressos das armas austriacas, desde o principio da presente campanha
até o fim de Junho $ereferidas diariamente em huma carta escrita da cidade imperial de Ulm por hum dos
seus cidadaõs a hum correspondente morador em Lisboa em 8 de Julho de 1743$ftraduzida fielmente da lingua germanica na portugueza por J. F. M. M. 210 #9 $aLisboa$cna Officina de Luiz Joze Correa Lemos,$d1743 215 ## $a56 p.$d4º (19 cm) 304 ## $aNome de autor retirado da bibliografia 305 ## $aNa p. de tít.: Com as licenças necessarias, e Privilegio Real 321 1# $aInocêncio 4, 350 517 1# $aContinuaçam dos progressos das armas austriacas, desde o principio da presente campanha
até o fim de Junho 518 1# $aContinuação dos progressos das armas austríacas, desde o princípio da presente campanha
até o fim de Junho 620 ## $dLisboa 702 #1 $aMascarenhas,$bJosé Freire de Monterroio,$f1670-1760$4730$381141 702 #1 $aLemos,$bLuís José Correia,$ffl. 174-$4640$386267 801 #0 $aPT$bBN$gRPC 856 40 $2Cópia digital disponível na Biblioteca Digital Galiciana$uhttp://biblioteca.galiciana.gal/pt/consulta/registro.cmd?id=16444 966 ## $lBN$mFGMON$sH.G. 6861//24 V. $x0 966 ## $lBN$mFGMON$sH.G. 23767//19 P. 966 ## $lBN$mFGMON$sH.G. 6700//4 v. 966 ## $lBN$mMICROF$sF.G. 971
Etiqueta de registo: 00837cam 2200205 450 001 536086 003 http://id.bnportugal.gov.pt/bib/catbnp/536086 005 19991127110900.0 095 ## $aPTBN00739160 100 ## $a19950608d1744 m y0pory0103 ba 101 1# $apor$cfre 102 ## $aPT 200 0# $aMemórias históricas para o presente século, nas quaes se vêm as cousas mais importantes,
que se passaram em todas as Cortes...$ecom reflexões, e notas politicas, criiticas... 210 #9 $aLisboa$cNa Officina de Luiz Joze Correa Lemos,$d1744 215 ## $av.$d22 cm 500 11 $aMemórias históricas para o presente século, nas quais se vêm as coisas mais importantes,
que se passaram em todas as Côrtes... 620 ## $dLisboa 702 #1 $aLemos,$bLuís José Correia,$ffl. 174-$4610$386267 801 #0 $aPT$bBN$gRPC 966 ## $dFev.$lBN$mFGMON$sH.G. 6700//5 V. $x0 966 ## $dJan.$lBN$mFGMON$sS.C. 4293//2 V. 966 ## $lBN$mMICROF$sF.G. 971 997 ## $aBIBEOD
Etiqueta de registo: 00754cam 2200229 450 001 596085 003 http://id.bnportugal.gov.pt/bib/catbnp/596085 005 19990104000000.0 095 ## $aPTBN00805420 100 ## $a19960410d1741 m y0pory0103 ba 101 0# $apor 102 ## $aPT 105 ## $ay z 000gy 106 ## $ar 200 1# $aVozes do temor, eccos da verdade$fobra de hum author anonimo$gdedicada ao senhor Manoel de Sande, e Vasconcellos... 210 #9 $aLisboa$cna Officina de Luiz Jozé Correa Lemos,$d1741 215 ## $a14 p.$d4º (21 cm) 304 ## $aNome do autor, Guilherme José de Carvalho Bandeira, segundo bibliografia 321 1# $aBarbosa Machado 2, 422 518 1# $aVozes de temor e ecos da verdade 620 ## $dLisboa 700 #1 $aBandeira,$bGuilherme José de Carvalho,$f1714-?$3144817 702 #1 $aLemos,$bLuís José Correia,$ffl. 174-$4610$386267 801 #0 $aPT$bBN$gRPC 966 ## $lBN$mFGMON$nMicrofilmado com cota F. 7786$sL. 1402//7 A. 966 ## $lBN$mFGMON$nMau estado$sL. 3203//8 A. 966 ## $lBN$mFGMON$sL. 3202//3 A. 966 ## $lBN$mMICROF$nMicrofilme da cota L. 1402//7 A.$sF. 7786 997 ## $aBIBEOD
Etiqueta de registo: 00739cam 2200181 450 001 635733 003 http://id.bnportugal.gov.pt/bib/catbnp/635733 005 19990105000000.0 095 ## $aPTBN00847361 100 ## $a19961211d1744 k y0pory0103 ba 101 0# $apor 102 ## $aPT 105 ## $ay z 000yy 106 ## $ar 200 1# $aResposta a huma carta, que certo caualheiro escreveu a hum seu afeiçoado Austriaco,
querendo saber se o Principe Carlos havia repassado o Rheno$fpor hum Anonimo 210 #9 $aLisboa$cna offic. de Luiz Joze Correa Lemos,$d1744 215 ## $a14, [2 br.] p.$d4º (20 cm) 307 ## $aAssin.: º//8 316 ## $aEncadernação em pele sobre pastas de cartão, com ferros gravados a ouro na lombada$5PTBN: RES. 1354//7 P. 518 1# $aResposta a uma carta que certo cavalheiro escreveu a um seu afeiçoado Austríaco 620 ## $dLisboa 702 #1 $aLemos,$bLuís José Correia,$ffl. 174-$4610$386267 801 #0 $aPT$bBN$gRPC 856 42 $zrosto$uhttp://patrimonia.porbase.org/hg-2617-8-p/hg-2617-8-p_y-01_rosto_t24-C-R0150.jpg$2rosto 966 ## $lBN$mFGMON$sH.G. 2617//8 P. 966 ## $lBN$mFGMON$sH.G. 6803//14 V. $x0 966 ## $lBN$mFGMON$sL. 6399//1 V. $x0 966 ## $lBN$mFGMON$sL. 3559//7 A. 966 ## $lBN$mFGMON$sL. 6254//6 V. 966 ## $lBN$mMICROF$sF.R. 717 966 ## $lBN$mRESIMP$sRES. 1354//7 P. 997 ## $aBIBEOD
Etiqueta de registo: 02186cam 2200445 450 001 429983 003 http://id.bnportugal.gov.pt/bib/catbnp/429983 005 19981231000000.0 095 ## $aPTBN00459035 100 ## $a19800101d1743 km y0pory0103 ba 101 1# $apor$cger$cfre 102 ## $aPT 106 ## $ar 200 1# $aManifesto da Serenissima Srª Rainha de Hungria, e Bohemia, Arquiduqueza de Austria,
&c. mandado publicar , e divulgar pelas Provincias, que França domina, fronteiras
ao Imperio$fpor Joam Daniel, Baram de Mentzel, Coronel dos Hussares em serviço da mesma Senhora,
nas linguas alemã, e franceza$gtraduzida fielmente no idioma potuguez por J. F. M. M. 210 #9 $aLisboa$cna Officina de Luiz Jozé Correa Lemos,$d1743 215 ## $a8 p.$d4º (21 cm) 305 ## $aSob pé de imprensa: Com as licenças necessarias, e Privilegio Real 307 ## $aInicial xilogravada 321 1# $aInocêncio 4, 350; 351 532 12 $aManifesto da Sereníssima Senhora Rainha de Hungria e Boémia... 620 ## $dLisboa 675 ## $a9$vBN$zpor$31048305 700 #1 $91$aDaniel,$bJoão$3219394 702 #1 $aMascarenhas,$bJosé Freire de Monterroio,$f1670-1760$4730$381141 702 #1 $aLemos,$bLuís José Correia,$ffl. 174-$4610$386267 801 #0 $aPT$bBN$gRPC 856 40 $uhttps://purl.pt/345 856 41 $uhttps://purl.pt/345/service/media/cover/low 856 49 $uhttps://purl.pt/345/service/media/pdf$qapplication/pdf 958 ## $aBND$bLivre$cDigitalizado$d1$ehttps://purl.pt/345/service/media/cover/max 966 ## $lBN$mBND$nObra digitalizada de: H.G. 4565//16 A.$sPURL 345/0 966 ## $lBN$mBND$nObra digitalizada de: H.G. 4565//16 A.$sPURL 345/1 966 ## $lBN$mBND$nObra digitalizada de: H.G. 4565//16 A.$sPURL 345/2 966 ## $lBN$mBND$nDigitalização do original: H.G. 4565//16 A.$sPURL 345/3 966 ## $lBN$mFGMON$nObra do Séc. XVIII$sH.G. 4565//16 A. 966 ## $lBN$mFGMON$nObra do Séc. XVIII$sH.G. 6861//14 V. $x0 966 ## $lBN$mFGMON$nObra do Séc. XVIII$sH.G. 15227//18 P. 966 ## $lBN$mFGMON$nObra do Séc. XVIII$sH.G. 22477 V. 995 ## $aPATRIMONIA1 $d20110708$isoftsara$zBND$d20120504$imsantos 998 ## $aCI349-179
Etiqueta de registo: 00963cam 02200205 04500 001 410527 003 http://id.bnportugal.gov.pt/bib/catbnp/410527 005 19981231000000.0 095 ## $aPTBN00438980 100 ## $a19930318d1745 k y0pory0103 ba 101 0# $apor 102 ## $aPT 106 ## $ar 200 1# $aObservações, que fez hum curioso sobre o presente estado da Monarquia franceza, em
que se mostra o motivo, porque Luiz XV não impedio, que o Gram Duque de Toscana fosse
eleito Imperador 210 #9 $aLisboa$cna Ofic. de Luís Jozé Correa Lemos,$d1745 215 ## $a7, [1 br.] p.$d4º (21 cm) 305 ## $aSob pé de imprensa: «Com as licenças necess. e Privileg. Real» 307 ## $aVinheta xilogravada na p. de tít. 321 1# $aInocêncio 17, 117 500 11 $aObservações que fez um curioso sobre o presente estado da Monarquia francesa 620 ## $dLisboa 702 #1 $aLemos,$bLuís José Correia,$ffl. 174-$4610$386267 801 #0 $aPT$bBN$gRPC 856 42 $zrosto$uhttp://patrimonia.porbase.org/hg-2617-2-p/hg-2617-2-p_y-01_rosto_t24-C-R0150.jpg$2rosto 856 42 $zrosto$uhttp://patrimonia.porbase.org/hg-5146-12-p/hg-5146-12-p_y-01_rosto_t24-C-R0150.jpg$2rosto 930 ## $lBN$mAR$dF. 1966$iMicrofilme 966 ## $lBN$mFGMON$nObra do Séc. XVIII.$sH.G. 2617//2 P. 966 ## $lBN$mFGMON$nObra do Séc. XVIII.$sH.G. 4565//11 A. 966 ## $lBN$mFGMON$nObra do Séc. XVIII.$sH.G. 5146//12 P. 966 ## $lBN$mFGMON$nObra do Séc. XVIII.$sH.G. 6561//17 V. $x0 966 ## $lBN$mMICROF$nMicrofilme$sF. 1966 966 ## $lBN$mRESIMP$sRES. 1355//30 P. 997 ## $aBIBEOD
Etiqueta de registo: 00736cam 02200193 04500 001 410526 003 http://id.bnportugal.gov.pt/bib/catbnp/410526 005 19981231000000.0 095 ## $aPTBN00438979 100 ## $a19930318d1745 k y0pory0103 ba 101 1# $apor$ceng 102 ## $aPT 105 ## $ay z 000yy 106 ## $ar 200 1# $aManifesto de Carlos Eduardo de Inglaterra, filho primogénito de Jacques Stuardo VI
de Escocia, III de Inglaterra$eimpresso, e publicado em Dublin em 22 de Agosto de 1745$efielmente traduzido em Portuguez 210 #9 $aLisboa$cna Ofic. de Luiz Joze' Correa Lemos,$d1745 215 ## $a8 p.$d4º (20 cm) 307 ## $aAssin.: º//4 620 ## $dLisboa 700 #0 $aStuart,$bCharles Edward,$cPríncipe de Gales,$f1720-1788$3534342 702 #1 $aLemos,$bLuís José Correia,$ffl. 174-$4610$386267 801 #0 $aPT$bBN$gRPC 856 42 $zrosto$uhttp://patrimonia.porbase.org/hg-2617-15-p/hg-2617-15-p_y-01_rosto_t24-C-R0150.jpg$2rosto 930 ## $lBN$mAR$dF. 1966$iMicrofilme 966 ## $lBN$mFGMON$sH.G. 2617//15 P. 966 ## $lBN$mFGMON$sH.G. 6561//13 V. $x0 966 ## $lBN$mFGMON$sL. 3559//4 A. 966 ## $lBN$mMICROF$nMicrofilme$sF. 1966 966 ## $lBN$mRESIMP$sRES. 1355//29 P. 997 ## $aBIBEOD
Etiqueta de registo: 00877cam 02200193 04500 001 410525 003 http://id.bnportugal.gov.pt/bib/catbnp/410525 005 19981231000000.0 095 ## $aPTBN00438978 100 ## $a19930318d1745 k y0pory0103 ba 101 1# $apor$bfre$ceng 102 ## $aPT 200 1# $aFala que fez Carlos Eduardo da Escocia ao seu exercito, depois de haver alcançado
a victoria contra o General Joam Coppe no Condado de Archite a 12 de Setembro deste
anno de 1745$ftraduzido da lingua ingleza por Monsieur Ohalon... e agora na portuguesa por hum curioso 210 #9 $aLisboa$cna Ofic. de Luiz Jozé Correa Lemos,$d1745 215 ## $a8 p.$d4'(19 cm) 702 #0 $aOhalon,$cMonsieur$4730$388721 702 #1 $aLemos,$bLuís José Correia,$ffl. 174-$4610$386267 801 #0 $aPT$bBN$gRPC 856 42 $zrosto$uhttp://patrimonia.porbase.org/hg-2617-14-p/hg-2617-14-p_y-01_rosto_t24-C-R0150.jpg$2rosto 930 ## $lBN$mAR$dF. 1966$iMicrofilme 966 ## $lBN$mFGMON$sH.G. 2617//14 P. 966 ## $lBN$mFGMON$sH.G. 6561//16 V. $x0 966 ## $lBN$mMICROF$nMicrofilme$sF. 1966 966 ## $lBN$mRESIMP$sRES. 1355//28 P. 997 ## $aBIBEOD
Etiqueta de registo: 01035cam 02200265 04500 001 410451 003 http://id.bnportugal.gov.pt/bib/catbnp/410451 005 19981231000000.0 095 ## $aPTBN00438904 100 ## $a19930318d1745 k y0pory0103 ba 101 1# $apor$cfre 102 ## $aPT 200 0# $aOrdenaçoens, e regimento do... Rey Luiz XV... de França, e Navarra, &c. sobre as presas
feitas no már e navegaçam dos navios neutros durante a guerra$ftraduzidas da lingua franceza em portuguez por J. F. M. M. 210 #9 $aLisboa$cna officina de Luiz José Correa Lemos,$d1745 215 ## $a[6] p.$d4'(19 cm) 321 1# $aInocêncio IV 351 500 00 $aLeis, decretos, etc. 503 1# $aOrdenações e regimento$j1745 517 1# $aOrdenações e regimento sobre as presa feitas no mar 702 #1 $aMascarenhas,$bJosé Freire de Monterroio,$f1670-1760$4730$381141 702 #1 $aLemos,$bLuís José Correia,$ffl. 174-$4610$386267 710 01 $aFrança.$388710 801 #0 $aPT$bBN$gRPC 930 ## $lBN$mAR$dF. 1966$iMicrofilme 966 ## $lBN$mMICROF$nMicrofilme$sF. 1966 966 ## $lBN$mRESIMP$sRES. 1355//27 P. 997 ## $aBIBEOD
Etiqueta de registo: 01018cam 02200229 04500 001 401783 003 http://id.bnportugal.gov.pt/bib/catbnp/401783 005 20000202134000.0 095 ## $aPTBN00430029 100 ## $a19930302d1745 k y0pory0103 ba 101 1# $apor$cfre 102 ## $aPT 105 ## $ay z 000yy 106 ## $ar 200 0# $aFala, que o Marquez de Fenelon, Embaixador extraordinario de França em Hollanda, fez
aos muito altos, e poderosos senhores Estados Geraes da Provincias Unidas em 23 de
Abril deste anno...$ftraduzida fielmente da lingua Franceza no nosso idiôma por J. F. M. M. 210 #9 $aLisboa$cna officina de Luiz Joze' Correa Lemos,$d1744 215 ## $a12 p.$d4º (19 cm) 307 ## $aAssin.: º//6 321 1# $aBM CCXI 759 cita versão inglesa da mesma data 518 1# $aFala que o Marquês de Fénelon, embaixador extraordinário de França em Holanda, fez
aos muito altos e poderosos senhores Estados Gerais da Províncias Unidas 700 #0 $aFénelon,$cMarquês de,$f1688-1740$386263 702 #1 $aMascarenhas,$bJosé Freire de Monterroio,$f1670-1760$4730$381141 702 #1 $aLemos,$bLuís José Correia,$ffl. 174-$4610$386267 801 #0 $aPT$bBN$gRPC 856 42 $zrosto$uhttp://patrimonia.porbase.org/hg-2617-13-p/hg-2617-13-p_y-01_rosto_t24-C-R0150.jpg$2rosto 930 ## $lBN$mAR$dF. 1966$iMicrofilme 966 ## $lBN$mFGMON$nObra do Séc. XVIII.$sH.G. 2617//13 P. 966 ## $lBN$mFGMON$nObra do Séc. XVIII.$sH.G. 6561//15 V. $x0 966 ## $lBN$mFGMON$nObra do Séc. XVIII.$sH.G. 6861//15 V. $x0 966 ## $lBN$mFGMON$sL. 3559//10 A. 966 ## $lBN$mFGMON$sS.C. 11802//6 P. 966 ## $lBN$mFGMON$sS.C. 14606//13 P. 966 ## $lBN$mMICROF$nMicrofilme$sF. 1966 966 ## $lBN$mRESIMP$sRES. 1355//4 P. 997 ## $aBIBEOD
Etiqueta de registo: 01561cac 02200349 04500 001 368696 003 http://id.bnportugal.gov.pt/bib/catbnp/368696 005 19981230000000.0 095 ## $aPTBN00393372 100 ## $a19921009d1740 m y0pory0103 ba 101 1# $apor$cdut 102 ## $aPT 106 ## $ar 200 1# $a O mayor monstro da Natureza, apparecido na costa da Tartaria Septentrional no mez
de Agosto do anno passado de 1739.$fexposto em huma relaçam escrita na lingua Hollandeza pelo Capitam Christiano Schoemaker 210 #9 $aLisboa Occidental$cna Officina de Luis Joze Correia Lemos,$d1740 215 ## $a12 p.$d4º (21 cm) 305 ## $aSob pé de imprensa: Com todas as licenças necessarias 307 ## $aVinheta na p. 12 518 1# $a O maior monstro da natureza, aparecido na costa da Tartaria Setentrional no mês
de Agosto do ano de 1739 620 ## $dLisboa 675 ## $a821.134.3-6"19"$vBN$zpor$3289251 702 #1 $aLemos,$bLuís José Correia,$ffl. 174-$4610$386267 801 #0 $aPT$bBN$gRPC 856 40 $uhttps://purl.pt/28690 856 41 $uhttps://purl.pt/28690/service/media/cover/low 856 49 $uhttps://purl.pt/28690/service/media/pdf$qapplication/pdf 958 ## $aBND$bLivre$cDigitalizado$d1$ehttps://purl.pt/28690/service/media/cover/max 966 ## $lBN$mFGMON$sH.G. 15174//19 P. 966 ## $lBN$mFGMON$nMicrofilmado com cota F. 2310//14$sL. 4831//14 V. 966 ## $lBN$mFGMON$sL. 6269//4 V. 966 ## $lBN$mMICROF$nMicrofilme da cota L. 4831//14 V.$sF. 2310 995 ## $aPATRIMONIA4 $zBND$d20160921$idfontes
Etiqueta de registo: 01921cam 2200385 450 001 613010 003 http://id.bnportugal.gov.pt/bib/catbnp/613010 005 19990105000000.0 095 ## $aPTBN00823379 100 ## $a19960715d1745 m y0pory0103 ba 101 0# $apor 102 ## $aPT 105 ## $ay z 000yy 106 ## $ar 200 1# $aCarta de hum anonymo verdadeiro, e naõ fingido, correspondente de certo Cavalheiro
Austriaco há mais de seis annos, em resposta de outra, que recebeu sua com fecha de
sete do corrente, na qual lhe pedia algumas noticias do Paquete, e se era certa a
derrota dos Prussianos$einclue hum breve Elogio ao Principe Carlos de Lorena; e algumas reflexões em louuor
do Anonymo... 210 #1 $aLisboa$cna ofic. de Luiz Joze Correa Lemos,$d1745 215 ## $a22, [2 br.] p.$d4º (21 cm) 305 ## $aNa p. de tít.: Com todas as licenças necess. e Privileg. Real 307 ## $aAssin.: A//12 316 ## $aEncadernação da época em pele, sobre pastas de cartão com ferros gravados a ouro na
lombada$5PTBN: H.G. 5146//8 P. 316 ## $aEncadernação da época em pele, sobre pastas de cartão com ferros gravados a ouro na
lombada$5PTBN: COD. 3547//7 317 ## $aPert. na p. de tít.: Doação do Marquês de Faria (carimbo)$5PTBN: S.C. 13475//7 P. 518 1# $aCarta de um anónimo verdadeiro, e não fingido, correspondente de certo cavalheiro
austriaco há mais de seis anos... 620 ## $dLisboa 702 #1 $aLemos,$bLuís José Correia,$ffl. 174-$4610$386267 702 #0 $aFaria,$cMarquês de (António de Portugal de Faria)$4390$326031 801 #0 $aPT$bBN$gRPC 856 40 $uhttps://purl.pt/35545 856 41 $uhttps://purl.pt/35545/service/media/cover/low 856 49 $uhttps://purl.pt/35545/service/media/pdf$qapplication/pdf 958 ## $aBND$bLivre$cDigitalizado$d1$ehttps://purl.pt/35545/service/media/cover/max 966 ## $lBN$mFGMON$nObra do Séc. XVIII.$sH.G. 2617//3 P. 966 ## $lBN$mFGMON$nObra do Séc. XVIII.$sH.G. 5146//8 P. 966 ## $lBN$mFGMON$sL. 3559//25 A. 966 ## $lBN$mFGMON$sS.C. 13475//7 P. $x3 966 ## $lBN$mRESMAN$sCOD. 3547//7 976 ## $d20260505$rpmesqui
Etiqueta de registo: 01016cam 2200265 450 001 455151 003 http://id.bnportugal.gov.pt/bib/catbnp/455151 005 19990101000000.0 095 ## $aPTBN00657566 100 ## $a19940907d1745 k y0pory0103 ba 101 0# $apor 102 ## $aPT 106 ## $ar 200 1# $aRhetorica Sagrada, ou Arte de Pregar$enovamente descoberta entre outros fragmentos Literarios do grande P. Antonio Vieira
da Companhia de Jesus...$fe dada à luz para utilidade do Tyrocinio dos Pregadores por Guilherme Jozé de Carvalho
Bandeira, Notario Apostolico, e Tabaliaõ[sic] publico de Sua Santidade 210 #9 $aLisboa$cna Officina de Luiz Jozé Correa Lemos,$d1745 215 ## $a[20], 37, [1 br.] p.$d4º (29 cm) 304 ## $aAlgumas bibliografias questionam a atribuição de autoria desta obra 305 ## $aSob pé de imprensa: "Com todas as licenças necessarias" 307 ## $aNa p. de tít. vinheta xilogravada representando duas sereias 307 ## $aNa p. 1 cabeção e capital ornamentados 307 ## $aNa p. 37 vinheta ornamental 321 1# $aInocêncio 1, 291 321 1# $aInocêncio 22, 377 321 1# $aSommervogel 8, 672 321 1# $aMonteverde 5559 321 1# $aLeite, S. Hist. da Companhia de Jesus no Brasil 9, 319 321 1# $aBorba de Moraes. Bibliogr. Bras. não refere 518 1# $aRetórica Sagrada, ou Arte de Pregar... 620 ## $dLisboa 700 #1 $aVieira,$bAntónio,$f1608-1697,$cS.J.$321890 702 #1 $aBandeira,$bGuilherme José de Carvalho,$f1714-?$4340$3144817 702 #1 $aLemos,$bLuís José Correia,$ffl. 174-$4610$386267 801 #0 $aPT$bBN$gRPC 966 ## $lBN$mFGMON$sH.G. 6652//6 V. $x0 966 ## $lBN$mFGMON$sL. 1739 V. 966 ## $lBN$mMICROF$nMicrofilme$sF. 7131 966 ## $lBN$mRESIMP$sRES. 1273//3 P. 995 ## $aBRASILIANA-TIP $d20080226$iipuga$nRES. 1273//3 P.$ppedir Tiff da p. de tít. ao SGCD 997 ## $aBIBEOD
Etiqueta de registo: 00899cam 2200205 450 001 878943 003 http://id.bnportugal.gov.pt/bib/catbnp/878943 005 19990409175900.0 100 ## $a19990409d1743 k y0pory0103 ba 101 0# $apor 102 ## $aPT 106 ## $ar 200 1# $aRelaçam das victorias, alcançadas na India contra o inimigo Maratá, sendo Vice-Rey
daquelle Estado... D. Luiz Carlos Ignacio Xavier de Menezes, V. Conde da Ericeira,
e I. Marquez do Louriçal. Com huma breve noticia da sua morte 210 #9 $aLisboa$cna Officina de Luiz Jozé Correa Lemos,$d1743 215 ## $a15, [1] p.$d4º (20 cm) 305 ## $aSob pé de imprensa: Com as licenças necessarias, e Privilegio Real 307 ## $aCabeção e capital inicial xilogravados 500 11 $aRelação das vitórias, alcançadas na Índia contra o inimigo Maratá, sendo Vice-Rei
daquele Estado Dom Luís Carlos Inácio Xavier de Meneses 620 ## $dLisboa 702 #1 $aLemos,$bLuís José Correia,$ffl. 174-$4610$386267 801 #0 $aPT$bBN$gRPC 966 ## $lBN$mFGMON$sH.G. 4530//27 A. 966 ## $lBN$mFGMON$sH.G. 6700//3 V. $x0 966 ## $lBN$mMICROF$sF.G. 971 997 ## $aBIBEOD
Etiqueta de registo: 00983cam 2200205 450 001 898585 003 http://id.bnportugal.gov.pt/bib/catbnp/898585 005 20001115165500.0 095 ## $aPTBN01025798 100 ## $a19981203d1742 m y0pory0103 ba 101 1# $apor$cger 102 ## $aPT 200 0# $aCarta circular, que a muito alta e muito poderosa Senhora Maria Theresa... Rainha
de Hungria... escreveo em 21 de Janeiro deste anno á Emperatriz da Russia, ao Emperador
dos Turcos, aos Reys da Gram Bretanha e Sardenha...$ftrad... por J. F. M. M. 210 #9 $aLisboa$cna Off. de Luiz Jozé Correa Lemos,$d1742 215 ## $a8 p.$d21 cm 500 10 $aCarta circular que a muito alta e muito poderosa Senhora Maria Teresa... 702 #1 $aMascarenhas,$bJosé Freire de Monterroio,$f1670-1760$4730$381141 702 #1 $aLemos,$bLuís José Correia,$ffl. 174-$4610$386267 710 01 $aMaria Teresa,$cImperatriz Germânica,$f1717-1780$3262694 801 #0 $aPT$bBN$gRPC 856 40 $2Cópia digital disponível na BSB – Biblioteca Estatal da Baviera $uhttp://reader.digitale-sammlungen.de/de/fs1/object/display/bsb10921709_00003.html 856 42 $zrosto$uhttp://patrimonia.porbase.org/hg-33562-p/hg-33562-p_y-01_rosto_t24-C-R0150.jpg$2rosto 966 ## $lBN$mFGMON$sH.G. 4566//19 A. 966 ## $lBN$mFGMON$sH.G. 6861//27 V. $x0 966 ## $lBN$mFGMON$sH.G. 33562 P.$x2
Etiqueta de registo: 01098cam 22002051 450 001 896170 003 http://id.bnportugal.gov.pt/bib/catbnp/896170 005 19990521000000.0 095 ## $aPTBN01023378 100 ## $a19981114d1743 k y0pory0103 ba 101 1# $apor 102 ## $aPT 200 0# $aRelaçam exacta da famosa acçam sucedida junto a Braunau, ou copia fiel da carta, que
escreveo à Muito Augusta Princeza Rainha de Hungria, e Bohemia, com a noticia deste
sucesso o Serenissimo Principe Carlos de Lorena$gtrad. por J. F. M. M. 210 #9 $aLisboa$cNa Off. de Luiz Jozé Correa Lemos,$d1743 215 ## $a8 p.$d20 cm 500 10 $aRelação exacta da famosa acção sucedida junto a Braunau, ou copia fiel da carta, que
escreveu à Muito Augusta Princesa Rainha de Hungria, e Boémia, com a notícia deste
sucesso o Sereníssimo Príncipe Carlos de Lorena 700 #1 $aLorena,$bCarlos de$3815614 702 #1 $aLemos,$bLuís José Correia,$ffl. 174-$4610$386267 702 #1 $aMascarenhas,$bJosé Freire de Monterroio,$f1670-1760$4730$381141 801 #0 $aPT$bBN$gRPC 856 42 $zrosto$uhttp://patrimonia.porbase.org/hg-31590-p/hg-31590-p_y-01_rosto_t24-C-R0150.jpg$2rosto 966 ## $lBN$mFGMON$sH.G. 6861//25 V. $x0 966 ## $lBN$mFGMON$sH.G. 31590 P. 997 ## $aBIBEOD
Etiqueta de registo: 00904cam 2200181 450 001 1019621 003 http://id.bnportugal.gov.pt/bib/catbnp/1019621 005 20000413000000.0 100 ## $a00-13-04d1748 m y0pory0103 ba 101 0# $apor 102 ## $aPT 105 ## $ay z 000yy 106 ## $ar 200 0# $aResoluçam que os altos, e poderosos senhores estados geraes das provincias unidas
tomáram em 7 de Novembro passado em resposta aos memoriaes, que lhes foram apresentados
por parte do Abade DelaVille, Ministro de França na Corte de Haya 210 #9 $aLisboa$cNa Officina de Luiz José Correa Lemos$d1748 215 ## $a15 p.$d22 cm 500 11 $aResolução que os altos e poderosos senhores estados gerais das Províncias Unidas tomaram
em 7 de Novembro passado em resposta aos memoriais, que lhes foram apresentados por
parte de Abade DelaVille, Ministro de França na Corte de Haya 702 #1 $aLemos,$bLuís José Correia,$ffl. 174-$4610$386267 801 #0 $aPT$bBN$gRPC 966 ## $lBN$mFGMON$sH.G. 6578//5 V. $x0 997 ## $aBIBEOD
Etiqueta de registo: 00706cam 2200205 450 001 1019111 003 http://id.bnportugal.gov.pt/bib/catbnp/1019111 005 20010108112800.0 100 ## $a00-04-08d1745 m y0pory0103 ba 101 0# $apor 102 ## $aPT 105 ## $ay z 000yy 106 ## $ar 200 1# $aManifesto da muito alta, e muito poderosa Senhora Rainha de Hungria, e Bohemia, para
fazer publicas ao mundo as justas razoens [...]$fpor J. F. M. M. 210 #9 $aLisboa$cNa Ofic. Luiz Joze Correa Lemos,$d1745 215 ## $a7 p.$d20 cm 700 #1 $aMascarenhas,$bJosé Freire de Monterroio,$f1670-1760$381141 702 #1 $aLemos,$bLuís José Correia,$ffl. 174-$4610$386267 801 #0 $aPT$bBN$gRPC 966 ## $lBN$mFGMON$sH.G. 6561//12 V. $x0 966 ## $lBN$mFGMON$sH.G. 31378 V.$x0 997 ## $aBIBEOD
Etiqueta de registo: 00775cam 2200217 450 001 1011779 003 http://id.bnportugal.gov.pt/bib/catbnp/1011779 005 20000202000000.0 100 ## $a20000202d1744 k y0pory0103 ba 101 1# $apor$cfre 102 ## $aPT 105 ## $ay z 000yy 106 ## $ar 200 0# $aDeclaraçam de guerra do... Monarca Luiz XV, Rey de França e Navarra, contra a... Princeza
Maria Teresa, Rainha da Hungria e Bohemia...$ftrad... por J. F. M. M. 210 #9 $aLisboa$cna Off. de Luiz Jozé Correa Lemos,$d1744 215 ## $a8 p.$d22 cm 500 11 $aDeclaração de guerra... 702 #1 $aMascarenhas,$bJosé Freire de Monterroio,$f1670-1760$4730$381141 702 #1 $aLemos,$bLuís José Correia,$ffl. 174-$4610$386267 801 #0 $aPT$bBN$gRPC 966 ## $lBN$mFGMON$sH.G. 6561//9 V. $x0 966 ## $lBN$mFGMON$sH.G. 6861//12 V. $x0 997 ## $aBIBEOD
Etiqueta de registo: 00838cam 2200217 450 001 1011784 003 http://id.bnportugal.gov.pt/bib/catbnp/1011784 005 20000202000000.0 100 ## $a20000202d1744 k y0pory0103 ba 101 1# $apor$bfre$cger 102 ## $aPT 105 ## $ay z 000yy 106 ## $ar 200 0# $aDeclaraçam de guerra pela muito alta e poderosa Senhora Rainha de Hungria, e Bohemia
&c. contra o... Rey... de França, e Navarra Luiz XV...$ftrad... por J. F. M. M. 210 #9 $aLisboa$cna Off. de Luiz Jozé Correa Lemos,$d1744 215 ## $a11 p.$d22 cm 500 11 $aDeclaração de guerra pela muito alta e muito poderosa Rainha da Hungria... 702 #1 $aLemos,$bLuís José Correia,$ffl. 174-$4610$386267 702 #1 $aMascarenhas,$bJosé Freire de Monterroio,$f1670-1760$4730$381141 801 #0 $aPT$bBN$gRPC 966 ## $lBN$mFGMON$sH.G. 6561//10 V. $x0 966 ## $lBN$mFGMON$sH.G. 6861//13 V. $x0 997 ## $aBIBEOD
Etiqueta de registo: 01158cam 2200277 450 001 1009743 003 http://id.bnportugal.gov.pt/bib/catbnp/1009743 005 20001115165500.0 100 ## $a20000111d1744 k y0pory0103 ba 101 1# $apor$cfre$ceng 102 ## $aPT 105 ## $ay z 000yy 106 ## $ar 200 1# $aDeclarações de guerra de Luiz XV, Rey... de França, e Navarra, contra El Rey de Inglaterra...
e de Jorze II, Rey da Gran Bretanha, Irlanda, e França, contra o Rey Francez$ftrad... por J. F. M. M. 210 #9 $aLisboa$cna Off. de Luiz Jozé Correa Lemos,$d1744 215 ## $a8 p.$d21 cm 700 #1 $aMascarenhas,$bJosé Freire de Monterroio,$f1670-1760$381141 702 #1 $aLemos,$bLuís José Correia,$ffl. 174-$4610$386267 801 #0 $aPT$bBN$gRPC 856 40 $uhttps://purl.pt/40792 856 41 $uhttps://purl.pt/40792/service/media/cover/low 856 49 $uhttps://purl.pt/40792/service/media/pdf$qapplication/pdf 958 ## $aBND$bLivre$cDigitalizado$d1$ehttps://purl.pt/40792/service/media/cover/max 966 ## $lBN$mFGMON$sH.G. 6561//11 V. $x0 966 ## $lBN$mFGMON$sH.G. 6769//4 V. $x0 966 ## $lBN$mFGMON$sH.G. 6861//11 V. $x0
|
|
|